| 000 | 01639nam2a2200253 4500 | ||
|---|---|---|---|
| 001 | rc\3056010 | ||
| 005 | 20260315070338.0 | ||
| 035 | _a(NLR Aleph) 007195210 | ||
| 090 |
_a13626302 _c13626302 |
||
| 100 | _a20090823d1946 u y0rusy50 ca | ||
| 101 | 0 | _arus | |
| 102 | _aRU | ||
| 105 | _aa z ||||| | ||
| 200 | 1 |
_aПлашки к резьбонарезным головкам _f[Подгот. к печати с внесением доп. и изм. канд. техн. наук доц. С.Д. Тишин и инж. Д.В. Михайлов] _gМинистерство станкостроения СССР. Бюро техн. нормативов |
|
| 210 | _d1946 | ||
| 215 |
_a80 с. _cчерт. |
||
| 461 | 0 |
_1001rc\3056004 _12001#$aТехнологические маршруты и нормы времени на изготовление режущего инструмента$e1-$fНар. ком. станкостроения СССР. Бюро техн. нормативов$v6 _97577480 _aСССР. Народный комиссариат станкостроения _cМосква _d1945 _fНар. ком. станкостроения СССР. Бюро техн. нормативов _nМашгиз _o1- _tТехнологические маршруты и нормы времени на изготовление режущего инструмента _v6 |
|
| 702 | 1 |
_aТишин _bС.Д. _gСергей Дмитриевич _4340 |
|
| 702 | 1 |
_aМихайлов _bД.В. _gДмитрий Васильевич _4340 |
|
| 801 | 0 |
_aRU _bNLR _gpsbo |
|
| 801 | 1 |
_aRU _bELAR _2rusmarc |
|
| 852 |
_aNLR _jТ36 Г-6/222 |
||
| 942 | _cUNSPEC | ||
| 980 | _aNB | ||